000 01081cam a22001934a 4500
005 20250605164142.0
008 250528s ||||||||||||||||||||||||d
035 _a19011
020 _a6540171
040 _aGR-AtMCL
_bgre
_dGR-AtMCL
_eAACR2
245 1 _aThe Turning Point / Science, Society and the Rising Culture
260 _bFlamingo,
_c1983
300 _a520
520 _aAn essential guide for anyone inquiring about the place of science and Meta science in our contemporary culture. Author's Note, Acknowledgements, Preface, Crisis and Transformation, The Turning of the Tide, The Two Paradigms, The Newtonian World-Machine, The New Physics, The Influence of Cartesian-Newtonian Thought, The Mechanistic View of Life, The Biomedical Model, Newtonian Psychology, The Impasse of Economics, The Dark Side of Growth, The New Vision of Reality, The Systems View of Life, Wholeness and Health, Journeys Beyond Space and Time, The Passage to the Solar Age, Notes, Bibliography, Index.
700 1 _aCapra Frijtof
_95292
942 _cBK
999 _c4301
_d4301